Un Belén en el Palacio Provincial
Publicado:
San Jorge, núm. 84 ( 4t trimestre 1971), pàg 161 :
MARC
| LEADER | 00000nam a2200000Ia 4500 | ||
|---|---|---|---|
| 001 | |||
| 008 | 160829s9999 xx 000 0 cat d | ||
| 245 | |a Un Belén en el Palacio Provincial | ||
| 260 | |a San Jorge, núm. 84 ( 4t trimestre 1971), pàg 161 | ||
| 610 | 2 | 0 | |a Palau de la Generalitat de Catalunya |9 53043 |
| 610 | 1 | 0 | |a Barcelona (Catalunya : Província). |b Diputació |9 52408 |
| 650 | |a Jesucrist |x Nativitat |9 41596 | ||
| 650 | 0 | |a Nadal |9 23995 | |
| 901 | |a Arxiu | ||
| 942 | |n 1 | ||
| 952 | |0 0 |1 0 |4 0 |7 1 |9 50311 |a Arxiu |b Arxiu |d 2016-12-01 |l 0 |r 2016-12-01 00:00:00 |w 2016-12-01 |y ARXIU | ||
| 999 | |c 54153 |d 54153 | ||